While a plane zooms past in the sky: (Record no. 29417)
[ view plain ]
| 000 -LEADER | |
|---|---|
| fixed length control field | 00821nam a2200217 a 4500 |
| 005 - DATE AND TIME OF LATEST TRANSACTION | |
| control field | 20090821153831.0 |
| 008 - FIXED-LENGTH DATA ELEMENTS--GENERAL INFORMATION | |
| fixed length control field | 080927s2008 ii bs 001 0 eng |
| 010 ## - LCCN (DPL NO) | |
| LC control number | ENG-94807 |
| 020 ## - INTERNATIONAL STANDARD BOOK NUMBER | |
| Terms of availability | 100.00 |
| International Standard Book Number | 9788187482932 |
| 035 ## - SYSTEM CONTROL NUMBER | |
| System control number | EN-78340 |
| 037 ## - SOURCE OF ACQUISITION | |
| Source of stock number/acquisition | DBAD / PUB |
| 040 ## - CATALOGING SOURCE | |
| Original cataloging agency | dpl |
| Language of cataloging | English |
| 082 ## - DEWEY DECIMAL CLASSIFICATION NUMBER | |
| Classification number | 881 |
| 100 ## - MAIN ENTRY--PERSONAL NAME | |
| Personal name | Shukla, Prayag |
| 245 ## - TITLE STATEMENT | |
| Title | While a plane zooms past in the sky: |
| Statement of responsibility, etc | by Prayag Shukla |
| Remainder of title | a bilingual collection of peoms in Hindi and English / |
| 260 ## - PUBLICATION, DISTRIBUTION, ETC. (IMPRINT) | |
| Place of publication, distribution, etc | Bikaner |
| Name of publisher, distributor, etc | Vagdevi Prakashan |
| Date of publication, distribution, etc | 2009 |
| 270 ## - ADDRESS | |
| Address | Vinayak Shikhar, Near Polytechnic College, |
| City | Bikaner |
| Postal code | 334003 |
| 300 ## - PHYSICAL DESCRIPTION | |
| Extent | 64p. |
| Dimensions | 23cm(Hb) |
| 942 ## - ADDED ENTRY ELEMENTS (KOHA) | |
| Source of classification or shelving scheme | Dewey Decimal Classification |
| Item type | English Books |
| Call number suffix | SHU |
| Classification part | 881 |
| Withdrawn status | Lost status | Source of classification or shelving scheme | Damaged status | Not for loan | Collection code | Home library | Current library | Date acquired | Source of acquisition | Cost, normal purchase price | Total Checkouts | Full call number | Barcode | Date last seen | Copy number | Cost, replacement price | Koha item type |
|---|---|---|---|---|---|---|---|---|---|---|---|---|---|---|---|---|---|
| Dewey Decimal Classification | Not For Loan | Non-fiction | D.B.Act.Division | D.B.Act.Division | 21/08/2009 | DBAD / PUB | 100.00 | 881 SHU | EN-78340 | 21/08/2009 | 1 | 100.00 | English Books |
